|
|
|
|
| LEADER |
01596nam a2200421Ia 4500 |
| 001 |
EBC3407392 |
| 003 |
MiAaPQ |
| 005 |
20200520144314.0 |
| 006 |
m o d | |
| 007 |
cr cn||||||||| |
| 008 |
080605s2009 nyua sb s001 0 eng d |
| 010 |
|
|
|z 2008024984
|
| 020 |
|
|
|z 0791476898 (hardcover : alk. paper)
|
| 020 |
|
|
|z 9780791476895 (hardcover : alk. paper)
|
| 020 |
|
|
|z 9780791477090
|
| 035 |
|
|
|a (MiAaPQ)EBC3407392
|
| 035 |
|
|
|a (Au-PeEL)EBL3407392
|
| 035 |
|
|
|a (CaPaEBR)ebr10575818
|
| 035 |
|
|
|a (OCoLC)316412870
|
| 040 |
|
|
|a MiAaPQ
|c MiAaPQ
|d MiAaPQ
|
| 050 |
|
4 |
|a HD8660
|b .D76 2009
|
| 082 |
0 |
4 |
|a 331.6/2095694
|2 22
|
| 100 |
1 |
|
|a Drori, Israel.
|
| 245 |
1 |
0 |
|a Foreign workers in Israel
|h [electronic resource] :
|b global perspectives /
|c Israel Drori.
|
| 260 |
|
|
|a Albany :
|b SUNY Press,
|c c2009.
|
| 300 |
|
|
|a xiii, 242 p. :
|b ill.
|
| 490 |
1 |
|
|a SUNY series in Israeli studies
|
| 504 |
|
|
|a Includes bibliographical references (p. 215-233) and index.
|
| 533 |
|
|
|a Electronic reproduction. Ann Arbor, MI : ProQuest, 2015. Available via World Wide Web. Access may be limited to ProQuest affiliated libraries.
|
| 650 |
|
0 |
|a Foreign workers
|z Israel.
|
| 650 |
|
0 |
|a Foreign workers
|x Government policy
|z Israel.
|
| 650 |
|
0 |
|a Foreign workers, Philippine
|z Israel.
|
| 650 |
|
0 |
|a Foreign workers, Romanian
|z Israel.
|
| 650 |
|
0 |
|a Foreign workers, Thai
|z Israel.
|
| 655 |
|
4 |
|a Electronic books.
|
| 710 |
2 |
|
|a ProQuest (Firm)
|
| 830 |
|
0 |
|a SUNY series in Israeli studies.
|
| 856 |
4 |
0 |
|u https://ebookcentral.proquest.com/lib/matrademy/detail.action?docID=3407392
|z Click to View
|